10 Ways to Overcome Anger (Record no. 1090938)

MARC details
000 -LEADER
fixed length control field 00359nam a2200133Ia 4500
008 - FIXED-LENGTH DATA ELEMENTS--GENERAL INFORMATION
fixed length control field 231228s2003 xx 000 0 und d
041 ## - LANGUAGE CODE
Language code of text/sound track or separate title eng
082 ## - DEWEY DECIMAL CLASSIFICATION NUMBER
Classification number 155.6718
Item number EFR
100 ## - MAIN ENTRY--PERSONAL NAME
Personal name EFRON (Ron Potter)/ EFRON (Pat Potter)
245 ## - TITLE STATEMENT
Title 10 Ways to Overcome Anger
250 ## - EDITION STATEMENT
Edition statement 3rd
260 ## - PUBLICATION, DISTRIBUTION, ETC.
Place of publication, distribution, etc. Mumbai
Name of publisher, distributor, etc. Jaico Publishing House Mumbai
Date of publication, distribution, etc. 2003
300 ## - PHYSICAL DESCRIPTION
Extent 158

No items available.